Movies Quiz

Random Movies or Company Quiz

Film Company Owners Quiz Stats

 Plays Quiz not verified by Sporcle

Score 0/25 Timer 12:00
0 Plays Today
Film Company Owner % Correct
Columbia PicturesSony
84.8%
Paramount PicturesViacom (1971-2005)
75.8%
Paramount PicturesViacom (2005-present)
75.8%
Warner Bros. PicturesTime Warner
63.6%
BONUS: Which major studio has never been owned by an outside company?Walt Disney
63.6%
20th Century FoxNews Corporation
54.5%
Universal PicturesComcast/General Electric
54.5%
Universal PicturesComcast
54.5%
Columbia PicturesThe Coca-Cola Company
51.5%
Universal PicturesGeneral Electric/Vivendi
45.5%
Paramount PicturesGulf+Western/Paramount Communications
39.4%
Universal PicturesVivendi
39.4%
Universal PicturesMCA
36.4%
Film Company Owner % Correct
20th Century Fox21st Century Fox
27.3%
Warner Bros. PicturesWarner Bros.-Seven Arts
27.3%
Metro-Goldwyn-MayerMGM/UA
24.2%
United ArtistsMGM/UA
24.2%
Warner Bros. PicturesKinney National/Warner Communications
24.2%
RKO Radio PicturesRCA
21.2%
United ArtistsTransamerica
18.2%
Metro-Goldwyn-MayerLoew's Incorporated
15.2%
Universal PicturesMatsushita Electric (now Panasonic)
15.2%
Universal PicturesSeagram
12.1%
RKO Radio PicturesGeneral Tire and Radio
9.1%
Universal PicturesDecca Records
9.1%

You're not logged in!

Compare scores with friends on all Sporcle quizzes.
OR
Log In

Sporcle TV

Today on Sporcle TV


Watch our educational content, quiz creation guides, and fun videos on Sporcle TV.

Show Comments

Extras

Created Dec 23, 2014ReportNominate
Tags:Company Quiz, owner, studio

Top Quizzes Today


Score Distribution

Your Account Isn't Verified!

In order to create a playlist on Sporcle, you need to verify the email address you used during registration. Go to your Sporcle Settings to finish the process.

Report this User

Report this user for behavior that violates our Community Guidelines.

Details: